000 00371nam a22001337a 4500
008 250414b |||||||| |||| 00| 0 eng d
020 _a9781251174
050 _aHD7287
_b.A53
100 _aAMDIL I.E.S.
245 _aAnalysis of Government Housing Policy in Nigeria
260 _aZaria Nigeria
_bAhmadu Bello University Press
_c1993
300 _axviii, 304p.
942 _cBK
999 _c2997
_d2997